| 000 | 00912nam a22002057a 4500 | ||
|---|---|---|---|
| 008 | 100328s2007 enk|||||r|||| 001 0 eng d | ||
| 020 | _a9780335214259 | ||
| 020 | _a0335214258 | ||
| 082 |
_222 _a300.1 _bMAR |
||
| 100 |
_913223 _a Marinetto, Michael |
||
| 245 |
_aSocial Theory, the State and Modern Society : _bThe State in Contemporary Social Thought / _c Michael Marinetto. |
||
| 260 |
_aMaidenhead : _b Open University Press, 2007. _c2007 |
||
| 300 |
_axiv, 177 p. ; _c 24 cm. |
||
| 490 | _aTheorising Society Studies | ||
| 504 | _aIncludes bibliographical references and index | ||
| 650 |
_913202 _aSocial sciences _xPhilosophy. |
||
| 650 |
_913224 _aState, The _xSocial aspects. |
||
| 942 |
_2ddc _cBB |
||
| 999 |
_c13807 _d13807 |
||